All Generations According to the Strauss-Howe Generational Theory - Statistics

General Stats
  • This quiz has been taken 19 times
  • The average score is 6 of 25
Answer Stats
Dates Generation % Correct
1961-1981 13th
100%
1943-1960 Baby Boom
100%
2005- Homeland
100%
1982-2004 Millenial
100%
1925-1942 Silent
82%
1901-1924 Greatest
76%
1883-1900 Lost
47%
1541-1565 Elizabethan
6%
1674-1700 Enlightenment
6%
1822-1842 Gilded
6%
1648-1673 Glorious
6%
1461-1482 Humanist
6%
1433-1460 Arthurian
0%
1701-1723 Awakening
0%
1618-1647 Cavalier
0%
1767-1791 Compromise
0%
1724-1741 Liberty
0%
1860-1882 Missionary
0%
1566-1587 Parliamentary
0%
1843-1859 Progressive
0%
1588-1617 Puritan
0%
1483-1511 Reformation
0%
1512-1540 Reprisal
0%
1742-1766 Republican
0%
1792-1821 Transcendental
0%
No matching quizzes found
Score Distribution
Percent of People with Each Score
Percentile by Number Answered
Your Score History
You have not taken this quiz